Food service and bartending handbook / (Record no. 611)

MARC details
000 -LEADER
fixed length control field 00686nam a2200241 4500
003 - CONTROL NUMBER IDENTIFIER
control field OSt
005 - DATE AND TIME OF LATEST TRANSACTION
control field 20240613045701.0
008 - FIXED-LENGTH DATA ELEMENTS--GENERAL INFORMATION
fixed length control field 240613b |||||||| |||| 00| 0 eng d
020 ## - INTERNATIONAL STANDARD BOOK NUMBER
International Standard Book Number 9782722691
040 ## - CATALOGING SOURCE
Original cataloging agency DWCL-HMN lib.
Transcribing agency OC
082 ## - DEWEY DECIMAL CLASSIFICATION NUMBER
Classification number Fil. 647.95 F649s 2010
006 - FIXED-LENGTH DATA ELEMENTS--ADDITIONAL MATERIAL CHARACTERISTICS
fixed length control field a
100 ## - MAIN ENTRY--PERSONAL NAME
Personal name Rory C. Subida.
245 ## - TITLE STATEMENT
Title Food service and bartending handbook /
260 ## - PUBLICATION, DISTRIBUTION, ETC.
Place of publication, distribution, etc. Pasig City, Philippines :
Name of publisher, distributor, etc. Anvil Pub.,
Date of publication, distribution, etc. c2010.
300 ## - PHYSICAL DESCRIPTION
Extent xi,
Other physical details 91 p. : ill. ;
Dimensions 25 cm.
504 ## - BIBLIOGRAPHY, ETC. NOTE
Bibliography, etc. note Includes glossary.
650 ## - SUBJECT ADDED ENTRY--TOPICAL TERM
Topical term or geographic name entry element 1. Food service management.
650 ## - SUBJECT ADDED ENTRY--TOPICAL TERM
Topical term or geographic name entry element 2. Bartending.
650 ## - SUBJECT ADDED ENTRY--TOPICAL TERM
Topical term or geographic name entry element 3. Restaurant management.
700 ## - ADDED ENTRY--PERSONAL NAME
Personal name Rory C. Subida
942 ## - ADDED ENTRY ELEMENTS (KOHA)
Source of classification or shelving scheme Dewey Decimal Classification
Suppress in OPAC No
Koha item type Book-Filipiniana
Call number prefix Fil.
Holdings
Withdrawn status Lost status Source of classification or shelving scheme Damaged status Not for loan Home library Current library Shelving location Date acquired Source of acquisition Total Checkouts Full call number Barcode Date last seen Copy number Price effective from Koha item type Uniform Resource Identifier
    Dewey Decimal Classification     HM & Nursing Library HM & Nursing Library Filipiniana 06/18/2013 School Fund   Fil. 647.95 F649s 2010 50006 06/13/2024 c1 06/13/2024 Book-Filipiniana